| 000 | 01039cam a2200301 a 4500 | ||
|---|---|---|---|
| 001 | 3946286 | ||
| 003 | PILC | ||
| 005 | 20150112093439.0 | ||
| 008 | 930125s1998 enk 000 0 eng | ||
| 010 | _a 99488484 | ||
| 020 | _a0749426330 | ||
| 040 |
_aDLC _cDLC _dDLC |
||
| 050 | 0 | 0 |
_aHD 62.5 _b.B632 1993 |
| 082 | 0 | 0 |
_aMnSF 658.4012 _bB56 1998 |
| 100 | 1 |
_aBlackwell, Edward. _917261 |
|
| 245 | 1 | 0 |
_aHow to prepare a business plan : _bPlanning for successful start-up and expansion / _cEdward Blackwell. |
| 246 | 1 |
_iAt head of title: _aBusiness enterprise |
|
| 250 | _a3rd ed. | ||
| 260 |
_aLondon : _bKogan Page, _c1993. |
||
| 300 |
_a151 pages : _c22 cm. |
||
| 500 | _a"Published in association with The Royal Bank of Scotland." | ||
| 650 | 0 | 0 |
_aNew business enterprises _xPlanning. _917262 |
| 650 | 0 | 0 |
_aStrategic planning. _9606 |
| 650 | 0 | 0 |
_aProposal writing in business. _917263 |
| 906 |
_a7 _bcbc _corignew _d3 _encip _f19 _gy-gencatlg |
||
| 942 |
_2lcc _cBK |
||
| 999 |
_c14670 _d14670 |
||